Mario Character Anagrams #2 - Statistics

General Stats
  • This quiz has been taken 26 times
  • The average score is 9 of 15
Answer Stats
Anagram Character % Correct
Sbwore.rj Bowser.jr
78%
Ufykn Okgn Funky Kong
78%
Adttetoe Toadette
78%
Aowir Wario
78%
Ydr Obrswe Dry Bowser
72%
Imi Mii
72%
Lwiiuag Waluigi
72%
Aybb Imroa Baby Mario
67%
Ehcpe Pehce Cheep Cheep
67%
Ualm Luma
61%
Ltlbtu lilb Bullet Bill
50%
Acnih Ophcm Chain Chomp
44%
Teeyp Iphaanr Petey Piranha
44%
Oaislran Rosalina
22%
Srtadohtow Toadsworth
11%
No matching quizzes found
Score Distribution
Percent of People with Each Score
Percentile by Number Answered
Your Score History
You have not taken this quiz